La Madre del salvador y nuestra vida interior: mariología

Uloženo v:
Podrobná bibliografie
Hlavní autor: Garrigou-Lagrange, Reginald (Autor)
Médium: Kniha
Jazyk:španělština
Vydáno: Buenos Aires Descleé de Brouwer 1954
Vydání:3a. ed
Témata:
Tagy: Přidat tag
Žádné tagy, Buďte první, kdo vytvoří štítek k tomuto záznamu!

MARC

LEADER 00000nam a2200000 a 4500
001 UCL0977
003 CL-VaPUC
008 030829e19540000AG |||||||||||||||||spa|d
082 0 4 |a 232.91  |b GAR  |2 21 
100 |a Garrigou-Lagrange, Reginald  |e author  |9 483147 
245 1 3 |a La Madre del salvador y nuestra vida interior: mariología 
250 |a 3a. ed 
300 |a 331 h 
942 |c BK 
945 |d 20030829 00:00:00  |a rbrito 
260 |a Buenos Aires  |b Descleé de Brouwer  |c 1954 
600 0 |a Virgen María   |9 314204 
600 0 |a Jesús  |9 313614 
600 0 7 |a SAN JOSE  |2 CL-VaPUC  |9 399578 
650 0 |a Mariología   |9 365249 
650 7 |a MADRE DE DIOS  |2 CL-VaPUC  |9 477757 
650 0 |a Maternidad  |9 335758 
650 0 |a Vida religiosa  |9 257284 
583 |a last modification  |c 20190801 06:45:12  |k Rodrigo Vera 
999 |c 304693  |d 304691 
952 |0 0  |1 0  |4 0  |6 232_910000000000000_GAR_1954  |7 0  |8 P  |9 367348  |a BIBTEO  |b BIBTES  |c TEO_FTES  |d 2019-11-21  |i 3926788  |o 232.91 GAR 1954  |p 3926788  |r 2024-01-18  |w 2019-11-21  |y BK  |k ICR 
952 |0 0  |1 0  |4 0  |6 232_910000000000000_GAR_1954  |7 0  |8 P  |9 367349  |a BIBTEO  |b BIBTES  |c TEO_FTES  |d 2019-11-21  |i 3926796  |o 232.91 GAR 1954  |p 3926796  |r 2024-01-18  |w 2019-11-21  |y BK  |k ICR